Villes par images - Statistiques

Statistiques générales
  • Ce quiz a été pris 777 fois
  • Le résultat moyen est 9 sur 12
Statistiques - réponses
Par images Réponse % Correct
Paris
100%
New York
96%
Sydney
96%
Gizeh
92%
Pékin
88%
Berlin
87%
Tokyo
84%
Delhi
60%
Toronto
56%
Barcelone
55%
Dakar
25%
Mexico
17%
Aucun quiz correspondant
Distribution des résultats
% des personnes avec chaque résultat
Percentile par nombre de réponses
Votre historique - résultats
Vous n’avez pas pris ce quiz